000 00416nam a2200169Ia 4500
008 230711s9999||||xx |||||||||||||| ||und||
041 _aENG
082 _a3
_bKA-S
100 _aKapila,Hemant
245 0 _aEagles system analysis and design
250 _a4th Ed.
260 _c2012
_aJalandhar
_bEagles Prakashan Regd
300 _a236p.
650 _aComputer Engineering
700 _aSushil Kumar
942 _cBK
999 _c7656
_d7656